| 000 | 00429nam a2200157Ia 4500 | ||
|---|---|---|---|
| 008 | 140527s9999 xx 000 0 und d | ||
| 050 |
_aLB 1576 _b.B766 2012 |
||
| 100 | _aBrien, Jackie | ||
| 245 |
_aTeaching primary English / _cJackie Brien. |
||
| 260 |
_aLondon : _bSage Publications, _cc2012. |
||
| 300 |
_a210 p. : _bill. ; _c25 cm. |
||
| 500 | _aIncludes index. | ||
| 521 | _aGE | ||
| 942 |
_kFOR _cBK |
||
| 999 |
_c117396 _d117396 |
||